000
00338nam a2200133Ia 4500
008
220216s9999 xx 000 0 und d
100
_a
Allen P W
245
0
_a
Winter tyres : the story of a successful innovation
260
_b
Rubber Developments
_c
1981
300
_a
102-106
650
_a
Tyres
650
_a
Winter tyres
942
_c
JS
999
_c
72460
_d
72460